Statistiken für Die größten deutschen Städte, die mit einem Vokal beginnen

Klicken Sie hier um das Quiz zu spielen!

Allgemein

  • Dieses Quiz wurde 280 mal gespielt
  • Das Durchschnittsergebnis liegt bei 15 aus 24

Antwortstatistiken

HintHint 2Hint 3Antwort% Korrekt
ENW584.580Essen
98%
ABY301.033Augsburg
96%
ANW252.136Aachen
95%
ETH214.969Erfurt
94%
IBY141.029Ingolstadt
90%
ONI172.830Oldenburg
88%
UBW128.928Ulm
88%
ONI167.366Osnabrück
83%
ONW210.824Oberhausen
82%
OHE134.170Offenbach am Main
78%
EBY116.562Erlangen
70%
ABW68.816Aalen
56%
ANW53.348Ahlen
56%
ABY72.444Aschaffenburg
55%
INW92.540Iserlohn
53%
ENI50.535Emden
49%
EBW94.941Esslingen am Neckar
46%
UNW60.892Unna
44%
OBW61.670Offenburg
41%
ESH50.772Elmshorn
26%
ANW74.323Arnsberg
22%
ENW59.772Euskirchen
20%
INW52.421Ibbenbüren
17%
ENW56.049Eschweiler
15%

Verteilung der Resultate

Perzentil nach korrekt beantworteten Fragen

Anzahl Personen mit jedem Resultat

Ihre Resultats-Entwicklung

Sie haben dieses Quiz noch nicht gespielt